000 00747nam a22002417a 4500
003 DO-SdBPM
005 20250529134640.0
008 160314b1991 dr a 00| 0 spa d
040 _aDO-SdBPM
_bspa
_cBPMSU
082 4 _a843.91
_bS132p 1991
_222
100 1 _aSaint Exupéry, Antoine de
245 1 3 _aEl principito /
_cAntonio de Saint Exupéry
250 _a5a ed.
260 _aSanto Domingo :
_bAlfa & Omega,
_c1991.
300 _a99 p. :
_bil. ;
_c17 cm.
590 _aInventariado, 2025/VM
650 4 _aCuentos juveniles franceses
650 4 _aLiteratura juvenil francesa
650 4 _aAmistad
_vCuentos juveniles
650 4 _aValores (Filosofía)
_vCuentos juveniles
910 _aVMateo V. Control de calidad. BPMSU
942 _2ddc
_cBK
999 _c9211
_d9211